Lanean...

The making of economic society /

Xehetasun bibliografikoak
Egile nagusia: Heilbroner, Robert L.
Formatua: Printed Book
Hizkuntza:English
Argitaratua: New Jersey : Prentice Hall, 1968
LEADER 00539nam a22001577a 4500
003 OSt
005 20200624134505.0
008 150805b xxu||||| |||| 00| 0 eng d
082 |a 330 HEI/M 
100 |a Heilbroner, Robert L. 
245 |a The making of economic society /  |c Robert L. Heilbroner 
260 |a New Jersey :  |b Prentice Hall,  |c 1968 
300 |a 237p. 
942 |2 ddc  |c BK 
999 |c 321537  |d 321537 
952 |0 0  |1 0  |2 ddc  |4 0  |6 330_000000000000000_HEI_M  |7 0  |9 367968  |a CSC  |b CSC  |c ST1  |d 2015-08-05  |i 1290  |l 0  |o 330 HEI/M  |p CSC1290  |r 2015-08-05  |w 2015-08-05  |y BK